Introduction to some Australian developments in conservation evaluation (Registro nro. 12019)

Detalles MARC
000 -CABECERA
Campo de control 004950000a22001570004500
090 ## - CLASIFICACIÓN LOCAL
Colección AR
Consecutivo 02961
041 0# - IDIOMA
Código de idioma para texto/pista de sonido o título separado
100 1# - ASIENTO PRINCIPAL--NOMBRE PERSONAL
Nombre personal Margules, Chris R.
245 10 - MENCION DE TITULO
Título Introduction to some Australian developments in conservation evaluation
650 14 - ASIENTO SECUNDARIO DE MATERIA - TERMINO TEMATICO
Término temático o nombre geográfico como elemento de entrada Mapas de especies
650 14 - ASIENTO SECUNDARIO DE MATERIA - TERMINO TEMATICO
Término temático o nombre geográfico como elemento de entrada Distribución espacial
650 14 - ASIENTO SECUNDARIO DE MATERIA - TERMINO TEMATICO
Término temático o nombre geográfico como elemento de entrada Selección de áreas protegidas
651 #4 - ASIENTO SECUNDARIO DE MATERIA - NOMBRE GEOGRAFICO
-- Australia
773 1# - Item fuente:
Título Biological Conservation
Especificación de materiales 147
Paginas del Articulo 1-11
Lugar, editorial y fecha de publicación 1989
Información sobre la relación 50
942 ## - ELEMENTOS ADICIONALES (KOHA)
Tipo de ítem Artículo
Existencias
Withdrawn status Lost status Sistema de Clasificación Damaged status No para préstamo Colección Ubicación Permanente Ubicación actual Fecha de adquisición Datos de publicación Seriada Total Checkouts Número topográfico Inventario / Código de Barras Date last seen Ejemplar Price effective from Tipo de material
    Dewey Decimal Classification   No para Préstamo Hemeroteca Villa de Leyva Villa de Leyva 27/02/2015 Fuera de circulación   AR 02961 018489 25/03/2015 1 25/03/2015 Artículo